000 00882cam4a220025300 4500
001 lce00566977
008 720919s1964 pau b 000 0 eng
010 _a 63-20396
035 _a(Sirsi) r103238
035 _a(DLC) 63020396
035 _a(UPRA)lce00566977
043 _ae-fr---
050 0 _a DC 193.8 Loo 1964
_b.L6
082 _a944.O44
100 1 _aLoomis, Stanley.
_6A60731.1
245 1 0 _aParis in the terror: June 1793-July 1794.
250 _a[1st ed.]
260 _aPhiladelphia,
_bLippincott,
_c1964.
500 _aIncludes index.
504 _aBibliography: p. 405-408.
651 0 _aFrance -- History -- Reign of Terror, 1793-1794.
_xFrance -- History -- Reign of Terror, 1793-1794.
_yFrance -- History -- Reign of Terror, 1793-1794.
_6S30280.1
949 _a DC 193.8 Loo 1964
_wlcc
_c 1
_i33729000039847
_mMAIN
_p2500
_tBOOK
_lON-SHELF
004 103238
999 _c161215
_d161215